Nonlinear Oscillations, Dynamical Systems, and Bifurcations of Vector Fields

Enregistré dans:
Détails bibliographiques
Auteur principal: Guckenheimer, John
Autres auteurs: Holmes, Philip
Format: Livre
Langue:anglais
Publié: New York Springer 1993
Édition:1. ed., 4. repr.
Collection:Applied Mathematical Sciences Vol. 42
Sujets:
Tags: Ajouter un tag
Pas de tags, Soyez le premier à ajouter un tag!

MARC

LEADER 00000nam a2200000 4500
001 c014178
005 20221206074819.8
020 |a 0-387-90819-6 
041 0 |a eng 
044 |a US 
245 1 0 |a Nonlinear Oscillations, Dynamical Systems, and Bifurcations of Vector Fields  |c John Guckenheimer, Philip Holmes 
250 |a 1. ed., 4. repr. 
264 1 |a New York  |b Springer  |c 1993 
300 |a 459 s. 
490 1 |a Applied Mathematical Sciences  |v Vol. 42 
830 0 |a Applied Mathematical Sciences  |v Vol. 42 
610 2 0 |a matematika aplikovaná 
610 2 0 |a veda 
610 2 0 |a matematika 
100 1 |a Guckenheimer, John 
700 1 |a Holmes, Philip